King Abdulaziz historical centre / (Record no. 473)

MARC details
000 -LEADER
fixed length control field 00560nam a2200181 a 4500
001 - CONTROL NUMBER
control field 473
005 - DATE AND TIME OF LATEST TRANSACTION
control field 20221127085940.0
008 - FIXED-LENGTH DATA ELEMENTS--GENERAL INFORMATION
fixed length control field 050920s lsu a | 00000 eng d
020 ## - INTERNATIONAL STANDARD BOOK NUMBER
International Standard Book Number 996093120X(hpb)
035 ## - SYSTEM CONTROL NUMBER
System control number 486
082 04 - DEWEY DECIMAL CLASSIFICATION NUMBER
Classification number 953.80072
Item number R528 2000
110 1# - MAIN ENTRY--CORPORATE NAME
Corporate name or jurisdiction name as entry element Riyadh Development Authority.
245 10 - TITLE STATEMENT
Title King Abdulaziz historical centre /
Statement of responsibility, etc. Riyadh Development Authority.
260 ## - PUBLICATION, DISTRIBUTION, ETC.
Place of publication, distribution, etc. Riyadh :
Name of publisher, distributor, etc. Riyadh Development Authority,
Date of publication, distribution, etc. 2000.
300 ## - PHYSICAL DESCRIPTION
Extent 151 p. :
Other physical details ill.(some col.) ;
Dimensions 30 cm.
650 #4 - SUBJECT ADDED ENTRY--TOPICAL TERM
Topical term or geographic name entry element Antiques
Geographic subdivision Saudi Arabia.
651 #4 - SUBJECT ADDED ENTRY--GEOGRAPHIC NAME
Geographic name Saudi Arabia
General subdivision History.
Holdings
Withdrawn status Lost status Source of classification or shelving scheme Damaged status Not for loan Home library Current library Date acquired Total Checkouts Full call number Barcode Date last seen Copy number Price effective from Koha item type
          CENTRAL CENTRAL 11/27/2022   953.80072 R528 2000 1000000003337 11/27/2022 C1 11/27/2022 Book